<?xml version="1.0" encoding="UTF-8"?>
<collection xmlns="http://www.loc.gov/MARC21/slim">
 <record>
  <leader>00803pamaa2200241   4500</leader>
  <controlfield tag="001">0000043854</controlfield>
  <controlfield tag="005">20121212090000.0</controlfield>
  <controlfield tag="008">080707                             eng  </controlfield>
  <datafield tag="020" ind1="0" ind2="0">
   <subfield code="a">8123915403 (CD-ROM) </subfield>
  </datafield>
  <datafield tag="090" ind1="0" ind2="0">
   <subfield code="a">RS57 </subfield>
   <subfield code="b">BAL 2007</subfield>
  </datafield>
  <datafield tag="245" ind1="1" ind2="0">
   <subfield code="a">Pharmacy calculations [</subfield>
   <subfield code="m">CD-ROM]  </subfield>
   <subfield code="c">Don A. Ballington, Robert J. Anderson.</subfield>
  </datafield>
  <datafield tag="250" ind1="0" ind2="0">
   <subfield code="a">3rd ed.</subfield>
  </datafield>
  <datafield tag="260" ind1="0" ind2="0">
   <subfield code="a">New Delhi: </subfield>
   <subfield code="b">CBS Publishers and Distributors, </subfield>
   <subfield code="c">2007.</subfield>
  </datafield>
  <datafield tag="300" ind1=" " ind2=" ">
   <subfield code="a">1 CD-ROM; </subfield>
   <subfield code="c">4.5 inch.</subfield>
  </datafield>
  <datafield tag="500" ind1="0" ind2="0">
   <subfield code="a">To accompany textbook titled &quot;Pharmacy calculations / Don A. Ballington, Robert J. Anderson&quot;</subfield>
  </datafield>
  <datafield tag="501" ind1="0" ind2="0">
   <subfield code="a">SAH</subfield>
  </datafield>
  <datafield tag="650" ind1="0" ind2="0">
   <subfield code="a">Pharmacy </subfield>
  </datafield>
  <datafield tag="650" ind1="0" ind2="0">
   <subfield code="a">Pharmaceutical arithmetic </subfield>
  </datafield>
  <datafield tag="650" ind1="0" ind2="0">
   <subfield code="a">Dosage Forms </subfield>
  </datafield>
  <datafield tag="650" ind1="0" ind2="0">
   <subfield code="a">Weights and Measures </subfield>
  </datafield>
  <datafield tag="700" ind1="1" ind2="1">
   <subfield code="a">Ballington, </subfield>
   <subfield code="h">Don A. </subfield>
  </datafield>
  <datafield tag="700" ind1="1" ind2="1">
   <subfield code="a">Anderson, </subfield>
   <subfield code="h">Robert J. </subfield>
  </datafield>
  <datafield tag="901" ind1=" " ind2=" ">
   <subfield code="u">http://www.cbspd.com</subfield>
  </datafield>
 </record>
</collection>
